[Event "O Pohar mesta Ricany 2016"]
[Site "Kulturni centrum Labut, 17. Listopadu 214 25101 Ricany"]
[Date "2016.08.29"]
[Round "4.4"]
[White "Svatos, Jan"]
[Black "Rastocny, Josef"]
[Result "1/2-1/2"]
[WhiteElo "2293"]
[BlackElo "1908"]
[PlyCount "0"]
[EventDate "2016.08.29"]

1. d4 Nf6 2. Bg5 g6 3. Bxf6 exf6 4. e3 Bg7 5. Bd3 O-O 6. Ne2 d6 7. c4 f5 8. Nbc3
c5 9. O-O Nc6 10. Bc2 b6 11. Ba4 Bb7 12. Bxc6 Bxc6 13. d5 Bd7 14. a4 a6 15. Qd3
Rb8 16. Kh1 Rb7 17. f4 Re8 18. Rab1 Qe7 19. Rf3 Reb8 1/2-1/2

[Event "O Pohar mesta Ricany 2016"]
[Site "Kulturni centrum Labut, 17. Listopadu 214 25101 Ricany"]
[Date "2016.08.29"]
[Round "4.5"]
[White "Otruba, Marek"]
[Black "Hrdina, Robin"]
[Result "0-1"]
[WhiteElo "1806"]
[BlackElo "2120"]
[PlyCount "0"]
[EventDate "2016.08.29"]

1. d4 Nf6 2. c4 e6 3. Nf3 b6 4. g3 Bb7 5. Bg2 Bb4+ 6. Bd2 Be7 7. O-O O-O 8. Qc2
d6 9. Nc3 Nbd7 10. e4 e5 11. d5 a5 12. h3 Nc5 13. Be3 Nfd7 14. b3 Bf6 15. a3 Na6
16. Rab1 g6 17. b4 axb4 18. axb4 Bg7 19. g4 Qe7 20. Na4 Bc8 21. Rfc1 f5 22. gxf5
gxf5 23. exf5 Ndb8 24. Ng5 Bxf5 25. Be4 Bf6 26. Kh1 Kh8 27. Bxf5 Bxg5 28. Rg1
Bxe3 29. fxe3 Nd7 30. e4 Nf6 31. Nc3 Rg8 32. Qa2 Nh5 33. Rxg8+ Rxg8 34. Qxa6 Ng3+
35. Kh2 Nxf5 36. Rg1 Rxg1 37. Kxg1 Qg5+ 38. Kh1 Qc1+ 39. Kh2 Qd2+ 40. Kg1 Qe1+
41. Kg2 Nh4+ 0-1

[Event "O Pohar mesta Ricany 2016"]
[Site "Kulturni centrum Labut, 17. Listopadu 214 25101 Ricany"]
[Date "2016.08.29"]
[Round "4.6"]
[White "Starek, Stanislav"]
[Black "Voracek, Zdenek"]
[Result "1-0"]
[WhiteElo "2172"]
[BlackElo "1977"]
[PlyCount "0"]
[EventDate "2016.08.29"]

1. d4 {[%clk 1:30:59]} d5 {[%clk 1:14:04]} 2. c4 {[%clk 1:31:23]} e6
{[%clk 1:14:19]} 3. Nc3 {[%clk 1:31:49]} Nf6 {[%clk 1:13:50]} 4. cxd5
{[%clk 1:32:15]} exd5 {[%clk 1:13:24]} 5. Bg5 {[%clk 1:32:43]} Be7
{[%clk 1:12:25]} 6. e3 {[%clk 1:33:08]} O-O {[%clk 1:10:33]} 7. Bd3
{[%clk 1:32:52]} b6 {[%clk 0:59:55]} 8. Qc2 {[%clk 1:32:41]} Nbd7
{[%clk 0:57:05]} 9. Nge2 {[%clk 1:29:58]} Bb7 {[%clk 0:54:26]} 10. O-O
{[%clk 1:29:05]} c5 {[%clk 0:52:01]} 11. Rad1 {[%clk 1:27:14]} h6
{[%clk 0:51:18]} 12. Bh4 {[%clk 1:26:14]} Rc8 {[%clk 0:46:04]} 13. Bf5
{[%clk 1:25:05]} cxd4 {[%clk 0:39:25]} 14. Nxd4 {[%clk 1:24:18]} Ne4
{[%clk 0:39:20]} 15. Bxe7 {[%clk 1:21:32]} Qxe7 {[%clk 0:39:44]} 16. Bxe4
{[%clk 1:21:32]} dxe4 {[%clk 0:39:16]} 17. Nf5 {[%clk 1:21:44]} Qe6
{[%clk 0:36:30]} 18. Nd6 {[%clk 1:21:48]} Ba6 {[%clk 0:35:38]} 19. Nxc8
{[%clk 1:20:53]} Bxf1 {[%clk 0:35:52]} 20. Qxe4 {[%clk 1:18:23]} Qxe4
{[%clk 0:23:16]} 21. Nxe4 {[%clk 1:18:52]} Rxc8 {[%clk 0:22:05]} 22. Kxf1
{[%clk 1:18:56]} Ne5 {[%clk 0:21:03]} 23. Ke2 {[%clk 1:18:03]} Rc2+
{[%clk 0:19:19]} 24. Rd2 {[%clk 1:18:19]} Rc1 {[%clk 0:19:37]} 25. b3
{[%clk 1:16:52]} g5 {[%clk 0:17:16]} 26. Nd6 {[%clk 1:16:27]} Rg1
{[%clk 0:16:12]} 27. Rd5 {[%clk 1:09:08]} f6 {[%clk 0:15:02]} 28. g3
{[%clk 1:06:24]} g4 {[%clk 0:13:42]} 29. Rd1 {[%clk 0:49:18]} Rxd1
{[%clk 0:11:29]} 30. Kxd1 {[%clk 0:49:42]} Nd3 {[%clk 0:11:51]} 31. a4
{[%clk 0:48:01]} Nxf2+ {[%clk 0:12:03]} 32. Ke2 {[%clk 0:48:30]} Nh3
{[%clk 0:11:34]} 33. Nc8 {[%clk 0:48:26]} a6 {[%clk 0:10:43]} 34. Nxb6
{[%clk 0:48:39]} Kf7 {[%clk 0:10:30]} 35. Nd5 {[%clk 0:45:22]} Ng1+
{[%clk 0:09:02]} 36. Kf2 {[%clk 0:44:50]} Nf3 {[%clk 0:08:56]} 37. b4
{[%clk 0:41:38]} Nxh2 {[%clk 0:07:38]} 38. b5 {[%clk 0:41:27]} 1-0

[Event "O Pohar mesta Ricany 2016"]
[Site "Kulturni centrum Labut, 17. Listopadu 214 25101 Ricany"]
[Date "2016.08.29"]
[Round "4.7"]
[White "Pribyl, Jaroslav"]
[Black "Rut, Vojtech"]
[Result "0-1"]
[WhiteElo "1960"]
[BlackElo "2135"]
[PlyCount "0"]
[EventDate "2016.08.29"]

1. e4 {[%clk 1:30:28]} c5 {[%clk 1:18:36]} 2. Nf3 {[%clk 1:28:51]} Nc6
{[%clk 1:18:08]} 3. b3 {[%clk 1:29:03]} e5 {[%clk 1:17:43]} 4. Bb2
{[%clk 1:28:57]} d6 {[%clk 1:17:57]} 5. c3 {[%clk 1:24:38]} Nf6 {[%clk 1:13:37]}
6. d3 {[%clk 1:23:12]} Bg4 {[%clk 1:12:41]} 7. Nbd2 {[%clk 1:22:53]} Be7
{[%clk 1:12:04]} 8. Be2 {[%clk 1:19:05]} d5 {[%clk 1:10:54]} 9. exd5
{[%clk 1:16:05]} Nxd5 {[%clk 1:10:17]} 10. O-O {[%clk 1:14:42]} O-O
{[%clk 1:10:15]} 11. Nxe5 {[%clk 1:04:22]} Nxe5 {[%clk 1:01:24]} 12. Bxg4
{[%clk 1:03:35]} Nxd3 {[%clk 1:01:13]} 13. Qc2 {[%clk 1:00:25]} Nxb2
{[%clk 0:57:24]} 14. Qxb2 {[%clk 1:00:40]} Nxc3 {[%clk 0:50:28]} 15. Qxc3
{[%clk 0:57:49]} Bf6 {[%clk 0:48:43]} 16. Qc2 {[%clk 0:57:27]} Bxa1
{[%clk 0:45:31]} 17. Rxa1 {[%clk 0:57:51]} Qd4 {[%clk 0:45:35]} 18. Qd1
{[%clk 0:58:18]} Rad8 {[%clk 0:43:23]} 19. Nc4 {[%clk 0:56:32]} Qf6
{[%clk 0:37:54]} 20. Qf1 {[%clk 0:48:51]} b5 {[%clk 0:35:18]} 21. Ne3
{[%clk 0:47:18]} Rd2 {[%clk 0:34:24]} 22. Bf3 {[%clk 0:43:30]} Rfd8
{[%clk 0:30:04]} 23. h3 {[%clk 0:34:49]} Qb2 {[%clk 0:26:07]} 24. Rd1
{[%clk 0:32:23]} b4 {[%clk 0:19:29]} 25. Nc4 {[%clk 0:14:41]} Rxd1
{[%clk 0:19:22]} 26. Nxb2 {[%clk 0:13:24]} Rxf1+ {[%clk 0:19:50]} 27. Kxf1
{[%clk 0:13:45]} Rd2 {[%clk 0:19:58]} 28. Na4 {[%clk 0:14:11]} Rc2
{[%clk 0:14:41]} 29. Bd5 {[%clk 0:14:13]} Rxa2 {[%clk 0:14:07]} 30. Nxc5
{[%clk 0:14:36]} Ra5 {[%clk 0:14:01]} 31. Nd3 {[%clk 0:13:31]} Rxd5
{[%clk 0:14:13]} 32. Nxb4 {[%clk 0:14:00]} Rb5 {[%clk 0:14:01]} 33. Nc6
{[%clk 0:14:23]} a5 {[%clk 0:13:21]} 34. Ke2 {[%clk 0:14:35]} Kf8
{[%clk 0:13:12]} 35. Kd2 {[%clk 0:14:44]} Ke8 {[%clk 0:13:01]} 36. Nd4
{[%clk 0:14:58]} Rg5 {[%clk 0:12:44]} 37. g3 {[%clk 0:15:18]} Kd7
{[%clk 0:12:44]} 38. Kd3 {[%clk 0:15:16]} Kd6 {[%clk 0:12:42]} 39. Nc2
{[%clk 0:14:18]} Kc5 {[%clk 0:10:54]} 40. Kc3 {[%clk 0:13:02]} Rh5
{[%clk 0:09:27]} 41. h4 {[%clk 0:13:23]} Rf5 {[%clk 0:09:44]} 42. b4+
{[%clk 0:13:13]} axb4+ {[%clk 0:09:25]} 43. Nxb4 {[%clk 0:13:40]} Rf3+
{[%clk 0:08:55]} 44. Nd3+ {[%clk 0:14:03]} Kd5 {[%clk 0:09:16]} 45. Kd2
{[%clk 0:12:05]} Kd4 {[%clk 0:07:58]} 46. Nc1 {[%clk 0:11:29]} Rxf2+
{[%clk 0:08:02]} 47. Ne2+ {[%clk 0:11:50]} Ke4 {[%clk 0:07:46]} 48. Ke1
{[%clk 0:11:49]} Kf3 {[%clk 0:04:28]} 49. Nf4 {[%clk 0:12:07]} Ra2
{[%clk 0:04:18]} 50. Nh5 {[%clk 0:11:46]} g6 {[%clk 0:04:33]} 51. Nf6
{[%clk 0:12:13]} h5 {[%clk 0:04:47]} 52. Nh7 {[%clk 0:12:13]} Kxg3
{[%clk 0:04:53]} 53. Ng5 {[%clk 0:12:35]} 0-1

[Event "O Pohar mesta Ricany 2016"]
[Site "Kulturni centrum Labut, 17. Listopadu 214 25101 Ricany"]
[Date "2016.08.29"]
[Round "4.8"]
[White "Cerny, Martin"]
[Black "Hadrava, Jaroslav"]
[Result "1-0"]
[WhiteElo "2130"]
[BlackElo "1972"]
[PlyCount "0"]
[EventDate "2016.08.29"]

1. d4 Nf6 2. Nf3 g6 3. c4 Bg7 4. Nc3 d5 5. Bg5 Ne4 6. Bf4 Nxc3 7. bxc3 c5 8. e3
O-O 9. cxd5 cxd4 10. cxd4 Qxd5 11. Be2 Qa5+ 12. Qd2 Nc6 13. Qxa5 Nxa5 14. O-O Be6
15. Bc7 Bc4 16. Bxc4 Nxc4 17. Rab1 b6 18. Rfc1 Nd6 19. Bxd6 exd6 20. Rc7 Rfc8 21.
Rbc1 Rxc7 22. Rxc7 h6 23. Kf1 Kf8 24. Ke2 Ke8 25. Kd3 d5 26. g4 Bf8 27. Rb7 Bd6
28. h4 Be7 29. h5 gxh5 30. gxh5 Rc8 31. Rxa7 b5 32. Ne5 b4 33. Kd2 Rc3 34. Ra8+
Bd8 35. Rb8 f6 36. Nd3 Ra3 37. Nxb4 Kd7 38. Kc2 Ba5 39. Kb2 Bxb4 40. Rxb4 Rd3 41.
Kc2 Ra3 42. Rb2 Ke6 43. Kd2 Kf5 44. Ke2 Kg5 45. Kf3 Kxh5 46. Kf4 Kg6 47. f3 h5
48. Rg2+ Kf7 49. Rh2 Kg6 50. Rd2 h4 51. e4 h3 52. exd5 Kf7 53. Ke4 Ke7 54. f4 Kd6
55. Rb2 f5+ 56. Kxf5 Kxd5 57. Rd2 Rg3 58. a4 Rg2 59. Rd3 h2 60. Rh3 Ra2 61. a5
Kxd4 62. a6 Ra5+ 63. Kg4 Ra2 64. a7 Ke4 65. Rxh2 Rxa7 66. Re2+ Kd5 67. Kf5 Rf7+
68. Kg5 Kd6 69. f5 Rh7 70. Kg6 Rh3 71. f6 Rg3+ 72. Kf7 Rf3 73. Kg7 Rg3+ 74. Kf8
Kd7 75. f7 Rf3 76. Rd2+ Kc7 77. Rd4 Rf2 78. Kg7 Rg2+ 79. Kf6 Rf2+ 80. Kg6 Kc6 81.
Rd8 Rg2+ 82. Kh5 1-0

[Event "O Pohar mesta Ricany 2016"]
[Site "Kulturni centrum Labut, 17. Listopadu 214 25101 Ricany"]
[Date "2016.08.29"]
[Round "4.9"]
[White "Skokan, Frantisek"]
[Black "Skalicky, Tomas"]
[Result "1/2-1/2"]
[WhiteElo "1930"]
[BlackElo "2110"]
[PlyCount "0"]
[EventDate "2016.08.29"]

1. d4 Nf6 2. c4 e6 3. Nf3 d5 4. e3 c6 5. Bd3 Nbd7 6. O-O Bd6 7. Nbd2 O-O 8. a3
Re8 9. Qc2 h6 10. b4 e5 11. dxe5 Nxe5 12. Nxe5 Bxe5 13. Bb2 Bxb2 14. Qxb2 dxc4
15. Bxc4 Be6 16. Bxe6 Rxe6 17. Nf3 Rd6 18. Rac1 Qe7 19. Rfd1 Rad8 20. Rxd6 Qxd6
21. h3 Ne4 22. Qd4 Qxd4 23. Nxd4 1/2-1/2

[Event "O Pohar mesta Ricany 2016"]
[Site "Kulturni centrum Labut, 17. Listopadu 214 25101 Ricany"]
[Date "2016.08.29"]
[Round "4.10"]
[White "Krivanek, Vladimir"]
[Black "Vavrinec, Tomas"]
[Result "1-0"]
[WhiteElo "2109"]
[BlackElo "1920"]
[PlyCount "0"]
[EventDate "2016.08.29"]

1. e4 e6 2. d4 d5 3. Nc3 Bb4 4. Qg4 Kf8 5. exd5 exd5 6. Qg3 Nf6 7. Bg5 Qe8+
8. Ne2 Ne4 9. Qe3 Nxg5 10. Qxg5 c6 11. O-O-O Nd7 12. Rd3 h6 13. Qd2 Nf6 14. Ng3
Be6 15. Re3 Bd6 16. Re1 Qb8 17. Kb1 Qc7 18. Bd3 Bf4 19. Qd1 Bg4 20. f3 Bd7
21. Nf1 g6 22. h4 Kg7 23. g4 Rae8 24. Ne2 Bd6 25. h5 b6 26. hxg6 fxg6 27. c3 Re7
28. Qd2 c5 29. g5 Nh5 30. gxh6+ Rxh6 31. Qg5 Be8 32. Ne3 Rxe3 33. Qxe3 Bf7
34. Reg1 c4 35. Bc2 b5 36. Qg5 Qe7 37. Qxe7 Bxe7 38. a4 a6 39. Ng3 Kf6 40. f4
Bd6 41. Bd1 Bxf4 42. Rf1 Nxg3 43. Rxf4+ Kg5 44. Rg4+ 1-0

[Event "O Pohar mesta Ricany 2016"]
[Site "Kulturni centrum Labut, 17. Listopadu 214 25101 Ricany"]
[Date "2016.08.29"]
[Round "4.11"]
[White "Hradecky, Ivo"]
[Black "Kovar, Jan"]
[Result "1-0"]
[WhiteElo "2051"]
[BlackElo "1912"]
[PlyCount "0"]
[EventDate "2016.08.29"]

1. d4 d5 2. c4 c6 3. Nc3 Nf6 4. e3 e6 5. Nf3 Nbd7 6. Bd3 dxc4 7. Bxc4 b5 8. Bd3
b4 9. Ne4 Be7 10. Qc2 Qb6 11. O-O Bb7 12. Ned2 Rc8 13. Nc4 Qc7 14. e4 c5 15. e5
Nd5 16. Bg5 cxd4 17. Bxe7 Kxe7 18. Qd2 Qb8 19. Qg5+ Kf8 20. Nd6 h6 21. Qh5 g6
22. Qh4 Nxe5 23. Nxe5 Qxd6 24. Qxd4 Rg8 25. Rac1 Ke7 26. Rxc8 Rxc8 27. Nxg6+
fxg6 28. Qg7+ Kd8 29. Qxb7 Rc7 30. Qb8+ Ke7 31. Bxg6 Nf4 32. Be4 e5 33. Qg8 Qd4
34. Bf3 Qc4 35. Qg7+ Kd6 36. Rd1+ Nd3 37. Qg6+ 1-0

[Event "O Pohar mesta Ricany 2016"]
[Site "Kulturni centrum Labut, 17. Listopadu 214 25101 Ricany"]
[Date "2016.08.29"]
[Round "4.12"]
[White "Koper, Stefan"]
[Black "Steiner, Juraj"]
[Result "0-1"]
[WhiteElo "1917"]
[BlackElo "2044"]
[PlyCount "0"]
[EventDate "2016.08.29"]

1. d4 Nf6 2. c4 e6 3. Nf3 Bb4+ 4. Bd2 Qe7 5. Qc2 Bxd2+ 6. Nbxd2 c5 7. e3 d6
8. Bd3 Nbd7 9. O-O b6 10. e4 cxd4 11. Nxd4 Bb7 12. f3 O-O 13. Rfe1 a6 14. b4
Rac8 15. Qb3 Nh5 16. Bf1 Qf6 17. Qe3 g6 18. Rac1 Rc7 19. g3 Rfc8 20. N2b3 e5
21. Nc2 d5 22. exd5 Bxd5 23. cxd5 Rxc2 24. Rxc2 Rxc2 25. Bxa6 Qd6 26. Bb5 Nhf6
27. Bxd7 Nxd7 28. Re2 Rxe2 29. Qxe2 Qxb4 30. Qc2 Nf6 31. Qc6 Qe1+ 32. Kg2 Qe2+
33. Kh3 Qxf3 34. Qc8+ Kg7 35. d6 Ne4 0-1

[Event "O Pohar mesta Ricany 2016"]
[Site "Kulturni centrum Labut, 17. Listopadu 214 25101 Ricany"]
[Date "2016.08.29"]
[Round "4.13"]
[White "Stanek, Ondrej"]
[Black "Postupa, Pavel"]
[Result "1/2-1/2"]
[WhiteElo "1837"]
[BlackElo "1982"]
[PlyCount "0"]
[EventDate "2016.08.29"]

1. e4 c5 2. c3 Nf6 3. e5 Nd5 4. Nf3 g6 5. d4 cxd4 6. Qxd4 Nc7 7. e6 f6 8. exd7+
Qxd7 9. Be3 Nc6 10. Qh4 Nd5 11. Bh6 Qg4 12. Bxf8 Rxf8 13. Nbd2 Qxh4 14. Nxh4 g5
15. Nhf3 Bf5 16. Bb5 e5 17. O-O O-O-O 18. Rfe1 Nf4 19. Ne4 Nd3 20. Bxd3 Rxd3
21. Nc5 Rd5 22. b4 b6 23. Ne4 h6 24. b5 Bxe4 25. c4 Rd3 26. Rxe4 Na5 27. Rc1 Nb7 28. Kf1 Nc5 29. Re3 Rd6 30. g4 Rfd8 31. Ne1 Rd2 32. Rc2 R2d4 33. f3 Ne6 34. Kf2 Nf4 35. Kg3 h5 36. gxh5 Nxh5+ 37. Kf2 Nf4 38. Kg3 Rh8 39. Re4 f5 40. Rxe5 Rh3+ 41. Kf2 Rd1 42. Rxf5 Rxh2+ 43. Kg3 Rh1 44. Rxg5 Nh5+ 45. Kg4 Rdxe1 46. Rg2 Nf6+ 47. Kf5 Nd7 48. f4 Rc1 49. Rg8+ Kc7 50. Ra8 Kb7 51. Rd8 1/2-1/2

[Event "O Pohar mesta Ricany 2016"]
[Site "Kulturni centrum Labut, 17. Listopadu 214 25101 Ricany"]
[Date "2016.08.29"]
[Round "4.14"]
[White "Martinec, Karel"]
[Black "Soural, Jan"]
[Result "0-1"]
[WhiteElo "1889"]
[BlackElo "2222"]
[PlyCount "0"]
[EventDate "2016.08.29"]

1. Nf3 Nf6 2. c4 g6 3. g3 Bg7 4. Bg2 d5 5. d4 dxc4 6. Qa4+ Nfd7 7. Qxc4 Nc6
8. e4 Nb6 9. Qb3 Nxd4 10. Nxd4 Qxd4 11. O-O O-O 12. Nc3 Be6 13. Nd5 c6 14. Be3
Qc4 15. Nxb6 Qxb3 16. axb3 axb6 17. Bxb6 Bxb3 18. Bc5 Rfe8 19. Ra3 Bc4 20. Rc1
Ba6 21. Ra2 Bb5 22. Rxa8 Rxa8 23. b4 Kf8 24. f4 Ra1 25. Rxa1 Bxa1 26. Bh3 Ke8
27. Kf2 Bc3 28. Ke3 e5 29. f5 Bc4 30. g4 g5 31. Bg2 b6 32. Bxb6 Bxb4 33. Bf3 c5
34. Be2 Bxe2 35. Kxe2 c4 36. Kd1 Kd7 37. Kc2 Be7 38. Kc3 Kc6 39. Ba5 Kb5 40. Bc7
f6 41. h3 h6 42. Kd2 Kc6 43. Ba5 Kc5 44. Kc3 Kb5 45. Bc7 Bb4+ 46. Kc2 Ba5
47. Bd6 Bb4 48. Bc7 Kc5 49. Bd8 Kd4 50. Bxf6 Bf8 51. h4 gxh4 52. Bxh4 Kxe4
53. Kc3 Kf4 54. Bf6 e4 55. Kxc4 Kxg4 0-1

[Event "O Pohar mesta Ricany 2016"]
[Site "Kulturni centrum Labut, 17. Listopadu 214 25101 Ricany"]
[Date "2016.08.29"]
[Round "4.15"]
[White "Skacel, Jan"]
[Black "Kunc, Jan"]
[Result "1/2-1/2"]
[WhiteElo "2030"]
[BlackElo "1832"]
[PlyCount "0"]
[EventDate "2016.08.29"]

1. c4 Nf6 2. Nf3 g6 3. g3 Bg7 4. Bg2 O-O 5. Nc3 d6 6. O-O e5 7. d4 Nc6 8. dxe5
dxe5 9. Qxd8 Rxd8 10. Nb5 Ne8 11. Bg5 f6 12. Be3 a6 13. Nc3 Be6 14. b3 h6
15. Nh4 Kf7 16. Bxc6 bxc6 17. Rad1 g5 18. Ng2 f5 19. Na4 e4 20. f4 Bf6 21. Bc5
Nd6 22. e3 Nb7 23. Bd4 Rd6 24. Nc5 Nxc5 25. Bxc5 Rdd8 1/2-1/2

[Event "O Pohar mesta Ricany 2016"]
[Site "Kulturni centrum Labut, 17. Listopadu 214 25101 Ricany"]
[Date "2016.08.29"]
[Round "4.16"]
[White "Novotna, Tereza"]
[Black "Grecny, Karol"]
[Result "0-1"]
[WhiteElo "1566"]
[BlackElo "1934"]
[PlyCount "0"]
[EventDate "2016.08.29"]

1. d4 e6 2. c4 Nf6 3. Nc3 Bb4 4. e3 O-O 5. Ne2 d5 6. a3 Be7 7. Ng3 c5 8. dxc5
Bxc5 9. b4 Bd6 10. Be2 dxc4 11. Qc2 Nc6 12. Bb2 Ne5 13. Rd1 Qe7 14. Nb5 Bb8
15. Bxc4 a6 16. Nd4 b5 17. Be2 Bb7 18. O-O Rc8 19. Qb1 Nc4 20. Bf3 Bxf3 21. Nxf3
Nxb2 22. Qxb2 Ra7 23. Rc1 Rac7 24. Nd4 Rc4 25. Nb3 Ng4 26. Na5 Qh4 27. h3 Bxg3
28. Nxc4 Bxf2+ 29. Rxf2 Qxf2+ 30. Qxf2 Nxf2 31. Kxf2 bxc4 32. e4 Kf8 33. Ke3 e5
34. Kd2 Ke7 35. Kc3 Rd8 36. a4 Rd4 37. Re1 Kd6 38. Re2 Kc6 39. Re1 f6 40. Re2
Kb6 41. g4 h6 42. h4 a5 43. g5 hxg5 44. hxg5 fxg5 45. Rg2 Rd3+ 46. Kxc4 Rd4+
47. Kc3 axb4+ 48. Kb3 Rxe4 49. Rxg5 Ka5 50. Rxg7 Re3+ 51. Kc4 Rc3+ 52. Kd5 Kxa4
53. Ra7+ Kb3 54. Rb7 Ka3 55. Ra7+ Kb2 56. Kxe5 Rd3 57. Ke4 Rd8 58. Ke3 b3
59. Ke2 Kc1 60. Ke1 b2 61. Ra6 Rd3 62. Ke2 Kc2 63. Ra2 Rd8 64. Ke3 Kc1 65. Rxb2
Kxb2 0-1

[Event "O Pohar mesta Ricany 2016"]
[Site "Kulturni centrum Labut, 17. Listopadu 214 25101 Ricany"]
[Date "2016.08.29"]
[Round "4.18"]
[White "Hlavacek, Ondrej"]
[Black "Blumel, Otto"]
[Result "1/2-1/2"]
[WhiteElo "1591"]
[BlackElo "2061"]
[PlyCount "0"]
[EventDate "2016.08.29"]

1. Nf3 c5 2. c4 Nc6 3. Nc3 Nf6 4. g3 d5 5. cxd5 Nxd5 6. Bg2 Nc7 7. d3 e5 8. a3
Be7 9. O-O Be6 10. Nd2 Qd7 11. Nc4 f6 12. f4 O-O-O 13. Qa4 Nd5 14. Nxd5 Bxd5
15. Bxd5 Qxd5 16. Be3 Kb8 17. Na5 Nxa5 18. Qxa5 e4 19. Rfd1 Qh5 20. Qe1 Qf5
21. d4 c4 22. Rac1 Qd5 23. Qc3 Rc8 24. Rc2 h5 25. Rdc1 h4 26. g4 h3 27. b3 Rh4
28. bxc4 Rxg4+ 29. Kh1 Qh5 30. d5 Rg2 31. Qa5 a6 32. Qb6 Rc7 33. d6 Bxd6
34. Qxd6 Rxe2 35. Qd8+ Rc8 36. Qd6+ Ka8 37. Rxe2 Qf3+ 38. Kg1 Qxe2 39. Qd2 Qg4+
40. Kh1 Qf3+ 41. Kg1 1/2-1/2

[Event "O Pohar mesta Ricany 2016"]
[Site "Kulturni centrum Labut, 17. Listopadu 214 25101 Ricany"]
[Date "2016.08.29"]
[Round "4.19"]
[White "Zvolensky, David"]
[Black "Vorackova, Jarmila"]
[Result "1-0"]
[WhiteElo "1585"]
[BlackElo "1878"]
[PlyCount "0"]
[EventDate "2016.08.29"]

1. e4 c6 2. Nc3 d5 3. Nf3 dxe4 4. Nxe4 Bf5 5. Ng3 Bg6 6. h4 h6 7. Ne5 Bh7
8. Qh5 g6 9. Bc4 e6 10. Qe2 Bg7 11. Nxf7 Qe7 12. Nxh8 Bxh8 13. Qxe6 Nd7 14. O-O
O-O-O 15. Qxe7 Nxe7 16. Re1 Bf6 17. Ne4 Nf5 18. Nxf6 Nxf6 19. Be6+ Kc7 20. Bxf5
gxf5 21. Re7+ Kb6 22. d3 Bg8 23. Bxh6 Nd5 24. Re5 Nb4 25. Be3+ Ka6 26. Rc1 Rf8
27. Bd2 Nd5 28. c4 Nc7 29. Ra5+ Kb6 30. c5# 1-0

[Event "O Pohar mesta Ricany 2016"]
[Site "Kulturni centrum Labut, 17. Listopadu 214 25101 Ricany"]
[Date "2016.08.29"]
[Round "4.20"]
[White "Jirousek, Tadeas"]
[Black "Paulovic, Milan"]
[Result "1/2-1/2"]
[WhiteElo "1577"]
[BlackElo "1821"]
[PlyCount "0"]
[EventDate "2016.08.29"]

1. e4 c5 2. c4 Nc6 3. Nc3 g6 4. g3 Bg7 5. Bg2 Nf6 6. d3 O-O 7. Nge2 a6 8. Be3
d6 9. O-O Rb8 10. f4 Ng4 11. Bd2 Nd4 12. h3 Nxe2+ 13. Qxe2 Nf6 14. Rac1 b5
15. b3 Bd7 16. e5 Ne8 17. g4 e6 18. Rfe1 Qc7 19. exd6 Nxd6 20. Be3 b4 21. Ne4
Nxe4 22. Bxe4 Bd4 23. Qf2 Qd6 24. Bg2 Rbc8 25. Bxd4 cxd4 26. Re4 Rfd8 27. Qxd4
Bc6 28. Qxd6 Rxd6 29. Re3 Bxg2 30. Kxg2 Rd4 31. Kf3 Rcd8 32. Rd1 Kg7 33. Kg3 h6
34. Rf3 g5 35. fxg5 hxg5 36. Re3 Kf6 37. Kf3 e5 38. Ke2 Ke6 39. Rd2 Rh8 40. Rd1
f6 41. Ra1 f5 42. gxf5+ Kxf5 43. Rf1+ Rf4 44. Rxf4+ gxf4 45. Rf3 Rg8 46. Kf2 e4
47. dxe4+ Kxe4 48. h4 Rd8 49. Ke2 Rg8 1/2-1/2

[Event "O Pohar mesta Ricany 2016"]
[Site "Kulturni centrum Labut, 17. Listopadu 214 25101 Ricany"]
[Date "2016.08.29"]
[Round "4.21"]
[White "Novotny, Martin"]
[Black "Civin, Dominik"]
[Result "1-0"]
[WhiteElo "1557"]
[BlackElo "1777"]
[PlyCount "0"]
[EventDate "2016.08.29"]

1. d4 d5 2. c4 e6 3. Nc3 Nf6 4. Nf3 c6 5. e3 Nbd7 6. Qc2 Bd6 7. b3 Bb4 8. Bb2
Ne4 9. a3 Bxc3+ 10. Bxc3 Ndf6 11. Bd3 O-O 12. O-O Bd7 13. Bb2 Qe7 14. Ne5 b5
15. c5 h6 16. f3 Ng5 17. Bc3 a5 18. Be1 Ngh7 19. Bh4 g6 20. Kh1 Qe8 21. Rg1 Kg7
22. Raf1 Ng8 23. f4 Ne7 24. g4 f6 25. Nf3 Rh8 26. Be1 a4 27. b4 Qf7 28. Kg2 Rag8
29. Kf2 Kf8 30. Ke2 Ke8 31. Kd1 f5 32. Ne5 Qf8 33. h4 Nf6 34. g5 hxg5 35. Rxg5
Ne4 36. Bxe4 fxe4 37. Qg2 Rh6 38. Rg1 Qg7 39. Bf2 Qh7 40. Kd2 Qg7 41. h5 Kd8
42. Bh4 Be8 43. Nxg6 Bxg6 44. Rxg6 Rxg6 45. hxg6 Kd7 46. Bxe7 Kxe7 47. Ke2 Qh6
48. Qg3 Qh5+ 49. Ke1 Qf3 50. Qxf3 exf3 51. Kf2 Kf6 52. Kxf3 Rxg6 53. Rh1 Kg7
54. Rh5 Rg1 55. Rg5+ Rxg5 56. fxg5 Kg6 57. Kg4 Kg7 58. Kh5 Kh7 59. g6+ Kg8
60. Kh6 Kh8 61. g7+ Kg8 62. Kg6 e5 63. dxe5 d4 64. e6 1-0

[Event "O Pohar mesta Ricany 2016"]
[Site "Kulturni centrum Labut, 17. Listopadu 214 25101 Ricany"]
[Date "2016.08.29"]
[Round "4.22"]
[White "Maslo, Ondrej"]
[Black "Pivonka, Michael"]
[Result "1/2-1/2"]
[WhiteElo "1750"]
[BlackElo "1692"]
[PlyCount "0"]
[EventDate "2016.08.29"]

1. e4 c5 2. c3 e6 3. d4 cxd4 4. cxd4 d5 5. Nd2 dxe4 6. Nxe4 Bb4+ 7. Nc3 Nc6
8. Bb5 Ne7 9. Ne2 O-O 10. O-O Nf5 11. Bxc6 bxc6 12. Qa4 Qb6 13. a3 Be7 14. Bf4
Ba6 15. Rfe1 Rfe8 16. Be3 Nxe3 17. fxe3 c5 18. Rab1 Bg5 19. Kf2 Bd3 20. Rbd1
cxd4 21. exd4 Bg6 22. Qb5 Qxb5 23. Nxb5 Rab8 24. Nxa7 Rxb2 25. Nc6 Ra8 26. Ne5
1/2-1/2

[Event "O Pohar mesta Ricany 2016"]
[Site "Kulturni centrum Labut, 17. Listopadu 214 25101 Ricany"]
[Date "2016.08.29"]
[Round "4.23"]
[White "Hampel, Rudolf"]
[Black "Skrabanek, Matej"]
[Result "1-0"]
[WhiteElo "1710"]
[BlackElo "1680"]
[PlyCount "0"]
[EventDate "2016.08.29"]

1. e4 c5 2. Nf3 d6 3. d4 cxd4 4. Nxd4 Nf6 5. Nc3 g6 6. Be2 Bg7 7. Be3 O-O
8. Qd2 Nc6 9. O-O Nxd4 10. Bxd4 Be6 11. Rad1 a6 12. Qe3 b5 13. a3 Rb8 14. e5 Nd5
15. Nxd5 Bxd5 16. exd6 Qxd6 17. Bxg7 Qc6 18. Rxd5 Kxg7 19. Qd4+ Kg8 20. c3 Qe6
21. Re1 1-0

[Event "O Pohar mesta Ricany 2016"]
[Site "Kulturni centrum Labut, 17. Listopadu 214 25101 Ricany"]
[Date "2016.08.29"]
[Round "4.24"]
[White "Palla, Ivan"]
[Black "Konvalinka, Vladislav"]
[Result "1/2-1/2"]
[WhiteElo "1553"]
[BlackElo "1696"]
[PlyCount "0"]
[EventDate "2016.08.29"]

1. Nf3 d5 2. g3 Nf6 3. Bg2 Nc6 4. O-O e5 5. d3 Be7 6. b3 O-O 7. Bb2 Bd6 8. a4
Re8 9. Nbd2 e4 10. dxe4 dxe4 11. Nd4 Nxd4 12. Bxd4 Bf5 13. Nc4 1/2-1/2

[Event "O Pohar mesta Ricany 2016"]
[Site "Kulturni centrum Labut, 17. Listopadu 214 25101 Ricany"]
[Date "2016.08.29"]
[Round "4.25"]
[White "Stork, Rostislav"]
[Black "Simak, Roman"]
[Result "1/2-1/2"]
[WhiteElo "1779"]
[BlackElo "1650"]
[PlyCount "0"]
[EventDate "2016.08.29"]

1. e4 d5 2. exd5 Qxd5 3. Nc3 Qd6 4. Nf3 Nf6 5. d4 c6 6. Be2 Bg4 7. O-O e6
8. Re1 Nbd7 9. a3 Be7 10. Bg5 O-O 11. Qd2 Nb6 12. Rad1 Nbd5 13. Nxd5 Nxd5
14. Bxe7 Nxe7 15. Qg5 Bf5 16. Bd3 Bxd3 17. Rxd3 Ng6 18. g3 Rad8 19. h4 Qe7
1/2-1/2

[Event "O Pohar mesta Ricany 2016"]
[Site "Kulturni centrum Labut, 17. Listopadu 214 25101 Ricany"]
[Date "2016.08.29"]
[Round "4.26"]
[White "Lhotsky, Zdenek"]
[Black "Pospichal, Michael"]
[Result "1-0"]
[WhiteElo "1853"]
[BlackElo "1650"]
[PlyCount "0"]
[EventDate "2016.08.29"]

1. e4 c6 2. d4 d5 3. Nc3 dxe4 4. Nxe4 Bf5 5. Ng3 Bg6 6. h4 h6 7. Nf3 Nd7 8. Bd3
Bxd3 9. Qxd3 e6 10. Bf4 Ngf6 11. O-O-O Nd5 12. Bd2 Qc7 13. Ne2 Bd6 14. Kb1 N7f6
15. h5 O-O-O 16. Rh4 e5 17. dxe5 Bxe5 18. Qf5+ Nd7 19. Qxf7 Rhf8 20. Qg6 Bf6
21. Rc4 Qb6 22. Ned4 Bxd4 23. Nxd4 Qa6 24. b3 Rf6 25. Qe4 N7b6 26. Rc5 Na4
27. bxa4 Qb6+ 28. Nb3 Rxf2 29. Qg4+ Rd7 30. Ba5 Qa6 31. Rcxd5 1-0